| 000 | 00359nam a2200157Ia 4500 | ||
|---|---|---|---|
| 008 | 230524s9999 xx 000 0 und d | ||
| 082 |
_a530 _bFRE |
||
| 100 | _aA.P.French | ||
| 245 | 0 | _aNewtonian Mechanics | |
| 250 | _a2ND | ||
| 260 |
_aCALCUTTA _bViva _c2003 |
||
| 300 | _aXIII;743 | ||
| 500 | _aQuantity Number: 2 | ||
| 650 | _aMechanics | ||
| 942 | _cBK | ||
| 999 |
_c17853 _d17853 |
||